1304 1035 1809 1384 1500 1861 1053 1203 1065 1962 1292 1720 1260 1636 1944 1613 1233 1132 1739 1411 1282 1349 1333 1672 1756 1111 1905 1855 1596 1313 1539 1788 1575 1816 1436 1554 1500 1053 1456 1231 1357 1260 1173 1426 1605 1309 1666 1918 1017 1555 1961 1172 1012 1292 1951 1681 1866 1569 1055 1809 1735 1805 1216 1641 1455 1689 1305 1876 1086 1787 1692 1344 1408 1598 1909 1125 1526 1044 1653 1977 1882 1524 1526 1505 1567 1648 1759 1818 1906 1631 1822 1458 1686 1089 1186 1446 1731 1254 1369 BCNSPRNW ULIB Ver.6.0+V

เปลี่ยนเป็นภาษาไทย

Change to English
 แสดงรายละเอียดบรรณานุกรม
  กลับหน้าหลัก

Brief Record : Get Marc (ISO 2709) : E-mail record : QR code < ปิดหน้าต่าง
LEADER : 00000nam 2200000uu 4500
001    13399113262
003     ULIB
008    110627s2552||||th 000 0 tha d
020    9786115210008
090    นว.^bศ294ก 2552
100 0  ศศิร์นารา
245 00 กลร้าย..เล่ห์รักกามเทพ/^cศศิร์นารา
250    พิมพ์ครั้งที่ 1
260    กรุงเทพฯ :^bมธุรดา,^c2552
300    335 หน้า
710 1  มธุรดา
945    ^p239^l0^i027754
995    ทศพร
999 ^a ใช้งานได้ทุกระบบ
รายการนี้ยังไม่มีแท็ก
คุณยังไม่ได้ล็อกอิน คุณสามารถมีกิจกรรมร่วมกับเว็บไซต์ได้ แต่ต้องล็อกอินก่อน ::
  ล็อกอิน

รายการสื่อสารสนเทศ

ลำดับที่ ประเภท เลขเรียก/บาร์โค้ด สถานที่ สถานะ
- ไม่พบข้อมูล -

BibComment


ยังไม่เคยถูกคอมเมนท์

คอมเมนท์ทรัพยากรรายการนี้
  คอมเมนท์: กลร้ายเล่ห์รักกาม..


 Copyright 2026. Bcnsprnw @Library